Webová aplikácia e-learning

Saved in:
Bibliographic Details
Main Author: Renczes, Zoltán (Author)
Other Authors: Bucz, Štefan (Thesis advisor)
Format: Manuscript Book
Language:Slovak
Published: Bratislava : STU v Bratislave FEI, 2025
Subjects:
Online Access:https://opac.crzp.sk/?fn=detailBiblioFormChildAACMCH&sid=BA75C2D62745AD5727E9959ED92F&seo=CRZP-detail-kniha
Tags: Add Tag
No Tags, Be the first to tag this record!

MARC

LEADER 00000ntm a22000003a 4500
001 stuzp102125
003 SK-STU
005 20260127121327.4
007 ta
008 150427s2015----xo-----f-mn---000-0-slo-d
040 |a STU  |b slo 
041 0 |a slo 
044 |a xo 
100 1 |a Renczes, Zoltán  |u 035000  |4 aut  |U FEI Fakulta elektrotechniky a informatiky  |T FEI Ústav informatiky a matematiky  |X 120473  |U E050  |Y 816  |7 120473 
242 0 1 |a Web-application e-learning  |y eng 
245 1 0 |a Webová aplikácia e-learning 
260 |a Bratislava :  |c STU v Bratislave FEI,  |c 2025 
300 |a 57 s. 
650 4 |a E-learning  |2 slo 
650 4 |a Online  |2 slo 
650 4 |a Webová aplikácia  |2 slo 
650 4 |a Programovanie  |2 slo 
650 4 |a E-learning  |2 eng 
650 4 |a Online  |2 eng 
650 4 |a Web application  |2 eng 
650 4 |a Programming  |2 eng 
700 1 |a Bucz, Štefan  |4 ths  |X 17719  |7 A000017719 
856 4 |u https://opac.crzp.sk/?fn=detailBiblioFormChildAACMCH&sid=BA75C2D62745AD5727E9959ED92F&seo=CRZP-detail-kniha